Za tajomstvami svetového hospodárstva /

Gespeichert in:
Bibliographische Detailangaben
1. Verfasser: Šíbl, Drahoš (Verfasst von)
Format: Buch
Sprache:Slowakisch
Veröffentlicht: Bratislava : Elita, 1991
Schlagworte:
Tags: Tag hinzufügen
Keine Tags, Fügen Sie das erste Tag hinzu!

MARC

LEADER 00000nam a22000003a 4500
001 stu31344
005 20150617225735.4
008 931022s1991----xo------------------slo-d
020 |a 80-85323-01-X 
040 |a STU  |b slo 
041 0 |a slo 
044 |a xo 
080 |a 339.9  |7 stu_us_auth*stu6213 
100 1 |a Šíbl, Drahoš  |4 aut 
245 1 |a Za tajomstvami svetového hospodárstva /  |c [aut.] Šíbl,Drahoš 
260 |a Bratislava :  |b Elita,  |c 1991 
300 |a 157 s 
650 7 |a Hospodárstvo svetové  |2 stusub 
996 |b 284J016759  |c J*87879  |l JJSK  |s A  |a 24  |w stu31344_0001